Slovakia in the Eurovision Song Contest - Statistics

General Stats
  • This quiz has been taken 13 times
  • The average score is 4 of 7
Answer Stats
Answer % Correct
Horehronie
100%
I'm Still Alive
67%
Don't Close Your Eyes
58%
Let' tmou
42%
Modlitba
42%
Kým nás máš
33%
Nekonečná pieseň
17%
No matching quizzes found
Score Distribution
Percent of People with Each Score
Percentile by Number Answered
Your Score History
You have not taken this quiz